000
00240nam a2200097Ia 4500
008
230508s2003 xx 000 0 und d
041
_a
eng
100
_a
M.KAZINIK
245
_a
LABORATORY PRACTICE IN RADIO
260
_b
MIR PUBLI.MOSCOW
_c
2003
999
_c
723792
_d
723792